00652nam a2200205 i 4500001000700000003000900007005001700016008004100033020001800074080002300092100003000115245008100145250001200226260004200238300002200280490004700302700002900349830004700378852002100425187747ES-MaACL20251003063201.0180206s1975 sp |||| | spa d a84-217-4141-1 a821.111(73)-31"19"1 aHunter, Evan, d1926-200510aFeliz año nuevo, Herbie / cEvan Hunter ; [traducción, López Galarza]. a1ª ed. aBarcelona : bLuis de Caralt, c1975. a264 p. ; c20 cm.1 aBiblioteca universal Caralt. Novela ; v391 aLópez Galarza, Manuel.1 aBiblioteca universal Caralt. Novela ; v394 aES-MaACLjA-7700